[Event "DEM U8 2024"]
[Site "Willingen GER"]
[Date "2024.05.22"]
[Round "1"]
[White "Chanishvili, Noa"]
[Black "Rudnizki, Valentin"]
[Result "1/2-1/2"]
[Termination "normal"]
[Board "10"]
[WhiteElo "1106"]
[BlackElo "1319"]
[WhiteClock "00:43:17"]
[BlackClock "00:42:14"]
[PlyCount "89"]
[WhiteFideId "34698264"]
[BlackFideId "34673369"]
[EventCountry "GER"]
[EventRounds "7"]
[EventType "swiss"]
[EventDate "2024.05.21"]

1. e4 {[%clk 01:00:28]} c5 {[%clk 01:00:17]} {[%emt 00:00:14]} 2. Nf3 {[%clk
01:00:36]} {[%emt 00:00:06]} e6 {[%clk 01:00:15]} {[%emt 00:00:18]} 3. d4
{[%clk 01:00:39]} {[%emt 00:00:12]} d5 {[%clk 01:00:19]} {[%emt 00:00:11]} 4.
exd5 {[%clk 00:59:47]} {[%emt 00:01:07]} exd5 {[%clk 01:00:02]} {[%emt
00:00:32]} 5. Bf4 {[%clk 00:59:36]} {[%emt 00:00:27]} Nc6 {[%clk 00:59:29]}
{[%emt 00:00:47]} 6. Nc3 {[%clk 00:58:51]} {[%emt 00:00:59]} Nf6 {[%emt
00:01:43]} 7. Nb5 {[%clk 00:58:22]} Qa5+ {[%clk 00:57:54]} {[%emt 00:01:07]} 8.
Qd2 {[%clk 00:56:39]} {[%emt 00:01:59]} Qxd2+ {[%clk 00:57:30]} {[%emt
00:00:39]} 9. Kxd2 {[%clk 00:56:28]} {[%emt 00:00:25]} Kd7 {[%clk 00:56:34]}
{[%emt 00:01:11]} 10. Ne5+ {[%clk 00:56:05]} {[%emt 00:00:38]} Nxe5 {[%clk
00:56:24]} {[%emt 00:00:26]} 11. Bxe5 {[%clk 00:56:05]} {[%emt 00:00:14]} Ne4+
{[%clk 00:56:15]} {[%emt 00:00:25]} 12. Ke1 {[%clk 00:55:46]} {[%emt 00:00:32]}
Bd6 {[%clk 00:55:35]} {[%emt 00:00:57]} 13. Bxd6 {[%clk 00:55:15]} {[%emt
00:00:46]} Nxd6 {[%clk 00:55:39]} {[%emt 00:00:11]} 14. Nxd6 {[%clk 00:54:47]}
{[%emt 00:00:43]} Kxd6 {[%clk 00:55:40]} {[%emt 00:00:13]} 15. dxc5+ {[%clk
00:54:30]} {[%emt 00:00:31]} Kxc5 {[%clk 00:55:42]} {[%emt 00:00:14]} 16. Bd3
{[%clk 00:54:17]} {[%emt 00:00:28]} Be6 {[%clk 00:55:22]} {[%emt 00:00:35]} 17.
Kd2 {[%clk 00:54:10]} {[%emt 00:00:22]} h6 {[%clk 00:55:08]} {[%emt 00:00:30]}
18. h3 {[%clk 00:53:49]} {[%emt 00:00:35]} Rhe8 {[%clk 00:54:45]} {[%emt
00:00:39]} 19. Rhe1 {[%clk 00:53:33]} {[%emt 00:00:31]} Rad8 {[%clk 00:54:30]}
{[%emt 00:00:31]} 20. Rad1 {[%clk 00:53:03]} {[%emt 00:00:45]} d4 {[%clk
00:53:47]} {[%emt 00:00:58]} 21. Re5+ {[%clk 00:52:13]} {[%emt 00:01:05]} Kd6
{[%clk 00:53:34]} {[%emt 00:00:29]} 22. Rde1 {[%clk 00:51:39]} {[%emt
00:00:48]} Bd7 {[%clk 00:52:34]} {[%emt 00:01:16]} 23. Rxe8 {[%clk 00:51:07]}
{[%emt 00:00:47]} Rxe8 {[%clk 00:52:38]} {[%emt 00:00:11]} 24. Rxe8 {[%clk
00:51:08]} {[%emt 00:00:15]} Bxe8 {[%clk 00:52:36]} {[%emt 00:00:17]} 25. Ke2
{[%clk 00:50:56]} {[%emt 00:00:27]} Ke5 {[%clk 00:52:23]} {[%emt 00:00:29]} 26.
a3 {[%clk 00:50:22]} {[%emt 00:00:49]} f6 {[%clk 00:52:06]} {[%emt 00:00:32]}
27. g3 {[%clk 00:50:09]} {[%emt 00:00:27]} g5 {[%clk 00:51:47]} {[%emt
00:00:34]} 28. Kd2 {[%clk 00:48:01]} {[%emt 00:02:24]} f5 {[%clk 00:50:11]}
{[%emt 00:01:51]} 29. Bf1 {[%clk 00:47:37]} {[%emt 00:00:38]} Ke4 {[%clk
00:49:46]} {[%emt 00:00:41]} 30. Bg2+ {[%clk 00:47:32]} {[%emt 00:00:20]} Ke5
{[%clk 00:49:33]} {[%emt 00:00:28]} 31. Bxb7 {[%clk 00:47:36]} {[%emt
00:00:11]} f4 {[%clk 00:49:19]} {[%emt 00:00:30]} 32. g4 {[%clk 00:47:36]}
{[%emt 00:00:15]} h5 {[%clk 00:49:04]} {[%emt 00:00:30]} 33. Bf3 {[%clk
00:47:09]} {[%emt 00:00:41]} hxg4 {[%clk 00:48:10]} {[%emt 00:01:09]} 34. hxg4
{[%clk 00:47:02]} {[%emt 00:00:20]} Bg6 {[%clk 00:47:49]} {[%emt 00:00:37]} 35.
c3 {[%clk 00:46:26]} {[%emt 00:00:53]} Be4 {[%clk 00:45:04]} {[%emt 00:03:00]}
36. Ke2 {[%clk 00:45:36]} {[%emt 00:01:05]} Bxf3+ {[%clk 00:44:49]} {[%emt
00:00:29]} 37. Kxf3 {[%clk 00:45:36]} {[%emt 00:00:15]} d3 {[%clk 00:44:54]}
{[%emt 00:00:11]} 38. b3 {[%clk 00:45:26]} {[%emt 00:00:25]} Kd5 {[%clk
00:44:23]} {[%emt 00:00:46]} 39. a4 {[%clk 00:45:12]} {[%emt 00:00:29]} Kc5
{[%clk 00:43:48]} {[%emt 00:00:50]} 40. a5 {[%clk 00:44:42]} {[%emt 00:00:45]}
Kb5 {[%clk 00:43:30]} {[%emt 00:00:33]} 41. c4+ {[%clk 00:43:51]} {[%emt
00:01:06]} Kb4 {[%clk 00:43:24]} {[%emt 00:00:21]} 42. a6 {[%clk 00:43:14]}
{[%emt 00:00:52]} d2 {[%clk 00:42:56]} {[%emt 00:00:42]} 43. Ke2 {[%clk
00:43:12]} {[%emt 00:00:18]} Kc3 {[%clk 00:43:04]} {[%emt 00:00:07]} 44. Kd1
{[%clk 00:43:13]} {[%emt 00:00:14]} Kd4 {[%clk 00:42:14]} {[%emt 00:01:05]} 45.
Kxd2 {[%clk 00:43:17]} {[%emt 00:00:10]} 1/2-1/2

[Event "DEM U8 2024"]
[Site "Willingen GER"]
[Date "2024.05.22"]
[Round "1"]
[White "Chaganti, Prahasith Reddy"]
[Black "Guliyev, Kamran"]
[Result "1-0"]
[Termination "normal"]
[Board "11"]
[WhiteElo "1305"]
[BlackElo "1106"]
[WhiteClock "00:37:45"]
[BlackClock "00:54:34"]
[PlyCount "57"]
[WhiteFideId "34697586"]
[BlackFideId "34698809"]
[EventCountry "GER"]
[EventRounds "7"]
[EventType "swiss"]
[EventDate "2024.05.21"]

1. e4 {[%clk 00:59:56]} {[%emt 00:00:33]} e5 {[%clk 01:00:30]} 2. Nf3 {[%clk
00:59:27]} {[%emt 00:00:46]} Nc6 {[%clk 01:00:43]} {[%emt 00:00:02]} 3. d4
{[%emt 00:00:29]} exd4 {[%clk 01:00:39]} {[%emt 00:00:14]} 4. Nxd4 {[%clk
00:58:59]} {[%emt 00:00:34]} Nxd4 {[%clk 01:00:43]} {[%emt 00:00:11]} 5. Qxd4
{[%clk 00:58:40]} {[%emt 00:00:35]} d6 {[%clk 01:00:51]} {[%emt 00:00:07]} 6.
Nc3 {[%clk 00:58:18]} {[%emt 00:00:36]} Nf6 {[%clk 01:00:53]} {[%emt 00:00:08]}
7. Be3 {[%clk 00:57:58]} {[%emt 00:00:39]} Be7 {[%clk 01:00:40]} {[%emt
00:00:28]} 8. O-O-O {[%clk 00:57:27]} {[%emt 00:00:46]} O-O {[%clk 01:00:37]}
{[%emt 00:00:18]} 9. f3 {[%clk 00:57:03]} {[%emt 00:00:40]} h6 {[%clk
01:00:19]} {[%emt 00:00:25]} 10. g4 {[%clk 00:57:00]} {[%emt 00:00:26]} Nh7
{[%clk 01:00:26]} {[%emt 00:00:08]} 11. Be2 {[%clk 00:55:02]} {[%emt 00:02:12]}
Bg5 {[%emt 00:00:19]} 12. f4 {[%emt 00:00:37]} Be7 {[%clk 00:58:51]} {[%emt
00:00:53]} 13. Bf2 {[%clk 00:53:50]} {[%emt 00:01:27]} Be6 {[%clk 00:58:32]}
{[%emt 00:00:35]} 14. h4 {[%clk 00:53:21]} {[%emt 00:00:43]} Bf6 {[%clk
00:58:33]} {[%emt 00:00:16]} 15. Qd2 {[%clk 00:52:39]} {[%emt 00:00:56]} a6
{[%clk 00:58:06]} {[%emt 00:00:43]} 16. Rdg1 {[%clk 00:51:52]} {[%emt
00:01:00]} b5 {[%clk 00:58:11]} {[%emt 00:00:11]} 17. g5 {[%clk 00:50:43]}
{[%emt 00:01:24]} Be7 {[%clk 00:57:31]} {[%emt 00:00:55]} 18. gxh6 {[%clk
00:50:04]} {[%emt 00:00:54]} g6 {[%clk 00:57:36]} {[%emt 00:00:10]} 19. f5
{[%clk 00:49:15]} {[%emt 00:01:04]} Bd7 {[%clk 00:57:19]} {[%emt 00:00:29]} 20.
fxg6 {[%clk 00:48:41]} {[%emt 00:00:52]} Nf6 {[%clk 00:57:24]} {[%emt
00:00:10]} 21. gxf7+ {[%clk 00:47:48]} {[%emt 00:01:10]} Kxf7 {[%clk 00:57:12]}
{[%emt 00:00:25]} 22. Rg7+ {[%clk 00:46:54]} {[%emt 00:01:10]} Ke8 {[%clk
00:57:06]} {[%emt 00:00:07]} 23. h7 {[%clk 00:42:18]} {[%emt 00:05:05]} Qc8
{[%clk 00:56:51]} {[%emt 00:00:31]} 24. Qh6 {[%clk 00:41:42]} {[%emt 00:00:49]}
Rh8 {[%clk 00:56:48]} {[%emt 00:00:16]} 25. Bd4 {[%clk 00:40:50]} {[%emt
00:01:05]} Qb7 {[%clk 00:55:03]} {[%emt 00:01:56]} 26. Bxf6 {[%emt 00:02:18]}
Bc6 {[%clk 00:54:52]} {[%emt 00:00:24]} 27. Rg8+ {[%clk 00:38:16]} {[%emt
00:00:57]} Rxg8 {[%clk 00:54:50]} {[%emt 00:00:16]} 28. hxg8=Q+ {[%clk
00:38:00]} {[%emt 00:00:33]} Kd7 {[%clk 00:54:34]} {[%emt 00:00:12]} 29. Bg4#
{[%clk 00:37:45]} {[%emt 00:00:49]} 1-0

[Event "DEM U8 2024"]
[Site "Willingen GER"]
[Date "2024.05.22"]
[Round "1"]
[White "Liu, Mio Runhan"]
[Black "Simon, Benjamin"]
[Result "0-1"]
[Termination "normal"]
[Board "12"]
[WhiteElo "1101"]
[BlackElo "1305"]
[WhiteClock "00:55:06"]
[BlackClock "00:54:34"]
[PlyCount "46"]
[WhiteFideId "34678760"]
[BlackFideId "34652329"]
[EventCountry "GER"]
[EventRounds "7"]
[EventType "swiss"]
[EventDate "2024.05.21"]

1. e4 {[%clk 01:00:29]} e5 {[%clk 01:00:17]} {[%emt 00:00:13]} 2. Nf3 {[%clk
01:00:35]} {[%emt 00:00:05]} Nf6 {[%clk 01:00:26]} {[%emt 00:00:11]} 3. Nc3
{[%clk 01:00:41]} {[%emt 00:00:09]} Bb4 {[%clk 01:00:33]} {[%emt 00:00:08]} 4.
a3 {[%clk 01:00:19]} {[%emt 00:00:37]} Bxc3 {[%clk 01:00:36]} {[%emt 00:00:12]}
5. bxc3 {[%clk 01:00:09]} {[%emt 00:00:14]} O-O {[%clk 01:00:40]} {[%emt
00:00:22]} 6. Be2 {[%clk 00:59:59]} {[%emt 00:00:25]} Nc6 {[%clk 01:00:28]}
{[%emt 00:00:27]} 7. d3 {[%clk 01:00:01]} {[%emt 00:00:13]} d5 {[%clk
00:59:36]} {[%emt 00:01:08]} 8. exd5 {[%clk 00:59:01]} {[%emt 00:01:00]} Nxd5
{[%clk 00:59:21]} {[%emt 00:00:45]} 9. c4 {[%clk 00:58:59]} {[%emt 00:00:16]}
Nf6 {[%clk 00:58:43]} {[%emt 00:00:53]} 10. O-O {[%clk 00:59:03]} {[%emt
00:00:11]} e4 {[%clk 00:58:13]} {[%emt 00:00:44]} 11. Ng5 {[%clk 00:58:16]}
{[%emt 00:01:02]} Re8 {[%clk 00:57:20]} {[%emt 00:01:08]} 12. Bh5 {[%clk
00:57:54]} {[%emt 00:00:37]} Be6 {[%clk 00:56:44]} {[%emt 00:00:51]} 13. Nxe4
{[%clk 00:57:08]} {[%emt 00:00:52]} Nxe4 {[%clk 00:56:54]} {[%emt 00:00:13]}
14. dxe4 {[%clk 00:57:01]} {[%emt 00:00:08]} Bxc4 {[%clk 00:57:01]} {[%emt
00:00:23]} 15. Re1 {[%clk 00:56:45]} {[%emt 00:00:30]} Qxd1 {[%clk 00:56:44]}
{[%emt 00:00:31]} 16. Bxd1 {[%clk 00:56:49]} {[%emt 00:00:12]} Rad8 {[%clk
00:56:41]} {[%emt 00:00:19]} 17. Bf3 {[%clk 00:56:44]} {[%emt 00:00:20]} Nd4
{[%clk 00:55:51]} {[%emt 00:01:05]} 18. Bd1 {[%clk 00:55:46]} {[%emt 00:01:14]}
Ne2+ {[%clk 00:54:28]} {[%emt 00:01:38]} 19. Kh1 {[%clk 00:55:41]} {[%emt
00:00:20]} Rxe4 {[%clk 00:54:21]} {[%emt 00:00:21]} 20. f3 {[%clk 00:55:29]}
{[%emt 00:00:28]} Ng3+ {[%clk 00:54:26]} {[%emt 00:00:11]} 21. hxg3 {[%clk
00:55:11]} {[%emt 00:00:31]} Rxe1+ {[%clk 00:54:28]} {[%emt 00:00:14]} 22. Kh2
{[%clk 00:55:13]} {[%emt 00:00:13]} Rdxd1 {[%clk 00:54:31]} {[%emt 00:00:12]}
23. Rb1 {[%clk 00:55:06]} {[%emt 00:00:22]} Rh1# {[%clk 00:54:34]} {[%emt
00:00:10]} 0-1

[Event "DEM U8 2024"]
[Site "Willingen GER"]
[Date "2024.05.22"]
[Round "1"]
[White "Tomovski, Leon"]
[Black "Jiang, Luca"]
[Result "1-0"]
[Termination "normal"]
[Board "13"]
[WhiteElo "1297"]
[BlackElo "1098"]
[WhiteClock "01:02:04"]
[BlackClock "00:57:46"]
[PlyCount "69"]
[WhiteFideId "34691790"]
[EventCountry "GER"]
[EventRounds "7"]
[EventType "swiss"]
[EventDate "2024.05.21"]

1. d4 {[%clk 01:00:29]} d5 {[%clk 01:00:23]} {[%emt 00:00:07]} 2. c4 {[%clk
01:00:40]} {[%emt 00:00:05]} e6 {[%clk 01:00:30]} {[%emt 00:00:07]} 3. Nc3
{[%clk 01:00:51]} {[%emt 00:00:05]} Nf6 {[%clk 01:00:35]} {[%emt 00:00:10]} 4.
Bg5 {[%clk 01:01:01]} {[%emt 00:00:05]} h6 {[%clk 01:00:36]} {[%emt 00:00:14]}
5. Bxf6 {[%clk 01:01:11]} {[%emt 00:00:05]} gxf6 {[%clk 01:00:35]} {[%emt
00:00:16]} 6. e3 {[%clk 01:01:12]} {[%emt 00:00:15]} Nc6 {[%clk 01:00:41]}
{[%emt 00:00:08]} 7. Nf3 {[%clk 01:01:21]} {[%emt 00:00:05]} Bb4 {[%clk
01:00:40]} {[%emt 00:00:16]} 8. a3 {[%clk 01:01:19]} {[%emt 00:00:18]} Bxc3+
{[%clk 01:00:32]} {[%emt 00:00:23]} 9. bxc3 {[%clk 01:01:26]} {[%emt 00:00:07]}
e5 {[%clk 01:00:30]} {[%emt 00:00:17]} 10. cxd5 {[%clk 01:01:23]} {[%emt
00:00:17]} Qxd5 {[%clk 00:59:15]} {[%emt 00:01:29]} 11. dxe5 {[%clk 01:01:31]}
{[%emt 00:00:08]} Qxd1+ {[%clk 00:59:20]} {[%emt 00:00:11]} 12. Rxd1 {[%clk
01:01:38]} {[%emt 00:00:08]} fxe5 {[%clk 00:58:17]} {[%emt 00:01:18]} 13. Bb5
{[%clk 01:01:26]} {[%emt 00:00:27]} Bd7 {[%clk 00:58:12]} {[%emt 00:00:20]} 14.
O-O {[%clk 01:00:32]} {[%emt 00:01:09]} O-O-O {[%clk 00:58:19]} {[%emt
00:00:08]} 15. Bxc6 {[%clk 01:00:14]} {[%emt 00:00:34]} Bxc6 {[%clk 00:58:23]}
{[%emt 00:00:11]} 16. Nxe5 {[%clk 01:00:19]} {[%emt 00:00:10]} Rxd1 {[%clk
00:58:03]} {[%emt 00:00:35]} 17. Rxd1 {[%clk 01:00:26]} {[%emt 00:00:08]} Rg8
{[%clk 00:58:03]} {[%emt 00:00:15]} 18. Nxc6 {[%clk 01:00:09]} {[%emt
00:00:33]} bxc6 {[%clk 00:58:11]} {[%emt 00:00:07]} 19. g3 {[%clk 01:00:06]}
{[%emt 00:00:18]} Rd8 {[%clk 00:57:51]} {[%emt 00:00:34]} 20. Rxd8+ {[%clk
01:00:16]} {[%emt 00:00:06]} Kxd8 {[%emt 00:00:02]} 21. Kg2 {[%clk 01:00:23]}
{[%emt 00:00:07]} Ke7 {[%clk 00:58:13]} {[%emt 00:00:06]} 22. Kf3 {[%clk
01:00:32]} {[%emt 00:00:07]} f5 {[%clk 00:58:04]} {[%emt 00:00:24]} 23. Kf4
{[%clk 01:00:30]} {[%emt 00:00:17]} Kf6 {[%clk 00:58:12]} {[%emt 00:00:06]} 24.
e4 {[%clk 01:00:36]} {[%emt 00:00:09]} fxe4 {[%clk 00:58:16]} {[%emt 00:00:11]}
25. Kxe4 {[%clk 01:00:47]} {[%emt 00:00:04]} Ke6 {[%clk 00:58:14]} {[%emt
00:00:18]} 26. c4 {[%clk 01:00:57]} {[%emt 00:00:05]} c5 {[%clk 00:58:15]}
{[%emt 00:00:13]} 27. f4 {[%clk 01:01:07]} {[%emt 00:00:05]} h5 {[%clk
00:58:02]} {[%emt 00:00:28]} 28. h3 {[%clk 01:01:15]} {[%emt 00:00:07]} c6
{[%clk 00:58:02]} {[%emt 00:00:15]} 29. g4 {[%clk 01:01:25]} {[%emt 00:00:05]}
hxg4 {[%clk 00:58:01]} {[%emt 00:00:15]} 30. hxg4 {[%clk 01:01:33]} {[%emt
00:00:08]} Kf6 {[%clk 00:57:57]} {[%emt 00:00:19]} 31. g5+ {[%clk 01:01:38]}
{[%emt 00:00:10]} Ke6 {[%clk 00:57:46]} {[%emt 00:00:26]} 32. f5+ {[%clk
01:01:49]} {[%emt 00:00:04]} Kf7 {[%clk 00:57:48]} {[%emt 00:00:12]} 33. Ke5
{[%clk 01:01:58]} {[%emt 00:00:07]} Ke7 {[%clk 00:57:38]} {[%emt 00:00:24]} 34.
g6 {[%clk 01:02:03]} {[%emt 00:00:11]} Kf8 {[%clk 00:57:46]} {[%emt 00:00:07]}
35. Kf6 {[%clk 01:02:04]} 1-0

[Event "DEM U8 2024"]
[Site "Willingen GER"]
[Date "2024.05.22"]
[Round "1"]
[White "Blum-Barth, Elias"]
[Black "Shtogrin, Joseph Stephan"]
[Result "1/2-1/2"]
[Termination "normal"]
[Board "14"]
[WhiteElo "1093"]
[BlackElo "1251"]
[WhiteClock "00:46:32"]
[BlackClock "00:50:08"]
[PlyCount "82"]
[BlackFideId "34666087"]
[EventCountry "GER"]
[EventRounds "7"]
[EventType "swiss"]
[EventDate "2024.05.21"]

1. e4 {[%clk 01:00:29]} {[%emt 15:43:19]} e5 {[%clk 01:00:25]} {[%emt
00:00:06]} 2. Nf3 {[%clk 01:00:39]} {[%emt 00:00:04]} Nf6 {[%clk 01:00:29]}
{[%emt 00:00:11]} 3. Nxe5 {[%clk 01:00:44]} {[%emt 00:00:10]} d6 {[%clk
01:00:24]} {[%emt 00:00:20]} 4. Nf3 {[%clk 01:00:44]} {[%emt 00:00:14]} Nxe4
{[%clk 01:00:32]} {[%emt 00:00:08]} 5. Nc3 {[%clk 01:00:40]} {[%emt 00:00:19]}
Nxc3 {[%clk 01:00:18]} {[%emt 00:00:28]} 6. dxc3 {[%clk 01:00:48]} {[%emt
00:00:07]} Be7 {[%clk 01:00:09]} {[%emt 00:00:24]} 7. Bc4 {[%clk 01:00:37]}
{[%emt 00:00:26]} O-O {[%clk 01:00:12]} {[%emt 00:00:12]} 8. O-O {[%clk
01:00:45]} {[%emt 00:00:07]} Nc6 {[%clk 00:59:58]} {[%emt 00:00:28]} 9. h3
{[%clk 01:00:48]} {[%emt 00:00:13]} Bd7 {[%clk 00:59:38]} {[%emt 00:00:35]} 10.
Be3 {[%clk 01:00:37]} {[%emt 00:00:26]} Be6 {[%clk 00:59:19]} {[%emt 00:00:33]}
11. Bb3 {[%clk 01:00:34]} {[%emt 00:00:19]} Qd7 {[%clk 00:58:59]} {[%emt
00:00:35]} 12. Re1 {[%clk 01:00:03]} {[%emt 00:00:46]} Rfe8 {[%clk 00:58:57]}
{[%emt 00:00:17]} 13. Qd2 {[%clk 00:59:31]} {[%emt 00:00:47]} Rad8 {[%clk
00:58:56]} {[%emt 00:00:15]} 14. Rad1 {[%clk 00:59:35]} {[%emt 00:00:12]} Bf6
{[%clk 00:58:03]} {[%emt 00:01:07]} 15. Qc1 {[%clk 00:57:48]} {[%emt 00:02:03]}
Kh8 {[%clk 00:56:46]} {[%emt 00:01:32]} 16. Re2 {[%clk 00:56:02]} {[%emt
00:02:01]} Re7 {[%clk 00:56:24]} {[%emt 00:00:37]} 17. Ng5 {[%clk 00:55:54]}
{[%emt 00:00:23]} Bxb3 {[%clk 00:55:29]} {[%emt 00:01:10]} 18. cxb3 {[%clk
00:55:47]} {[%emt 00:00:22]} h6 {[%clk 00:54:32]} {[%emt 00:01:11]} 19. Nf3
{[%clk 00:55:45]} {[%emt 00:00:17]} Kg8 {[%clk 00:53:45]} {[%emt 00:01:01]} 20.
Rde1 {[%clk 00:55:26]} {[%emt 00:00:35]} Rde8 {[%clk 00:53:42]} {[%emt
00:00:19]} 21. Qd1 {[%clk 00:53:21]} {[%emt 00:02:20]} Ne5 {[%clk 00:52:41]}
{[%emt 00:01:15]} 22. Nxe5 {[%clk 00:52:06]} {[%emt 00:01:31]} Rxe5 {[%clk
00:52:25]} {[%emt 00:00:31]} 23. Bd4 {[%clk 00:51:08]} {[%emt 00:01:13]} Rxe2
{[%clk 00:52:19]} {[%emt 00:00:20]} 24. Rxe2 {[%clk 00:51:12]} {[%emt
00:00:12]} Bxd4 {[%clk 00:52:05]} {[%emt 00:00:29]} 25. Rxe8+ {[%clk 00:50:55]}
{[%emt 00:00:31]} Qxe8 {[%clk 00:52:04]} {[%emt 00:00:16]} 26. Qxd4 {[%clk
00:49:23]} {[%emt 00:01:47]} Qe1+ {[%clk 00:52:07]} {[%emt 00:00:11]} 27. Kh2
{[%clk 00:49:33]} {[%emt 00:00:06]} Qe5+ {[%clk 00:52:08]} {[%emt 00:00:14]}
28. Qxe5 {[%clk 00:48:41]} {[%emt 00:01:07]} dxe5 {[%clk 00:52:17]} {[%emt
00:00:06]} 29. Kg3 {[%clk 00:48:50]} {[%emt 00:00:06]} f6 {[%clk 00:52:20]}
{[%emt 00:00:12]} 30. f4 {[%clk 00:48:58]} {[%emt 00:00:07]} Kf7 {[%clk
00:51:47]} {[%emt 00:00:48]} 31. Kf3 {[%clk 00:48:28]} {[%emt 00:00:45]} Ke6
{[%clk 00:51:31]} {[%emt 00:00:30]} 32. Ke4 {[%clk 00:48:29]} {[%emt 00:00:15]}
f5+ {[%clk 00:51:28]} {[%emt 00:00:16]} 33. Ke3 {[%clk 00:48:00]} {[%emt
00:00:45]} Kd6 {[%clk 00:51:18]} {[%emt 00:00:24]} 34. c4 {[%clk 00:47:14]}
{[%emt 00:01:02]} c5 {[%clk 00:51:06]} {[%emt 00:00:26]} 35. g3 {[%clk
00:47:20]} {[%emt 00:00:09]} exf4+ {[%clk 00:50:41]} {[%emt 00:00:40]} 36. Kxf4
{[%clk 00:47:23]} {[%emt 00:00:12]} Ke6 {[%clk 00:50:48]} {[%emt 00:00:08]} 37.
h4 {[%clk 00:46:26]} {[%emt 00:01:13]} Kf6 {[%clk 00:50:54]} {[%emt 00:00:10]}
38. h5 {[%clk 00:46:27]} {[%emt 00:00:14]} Ke6 {[%clk 00:50:40]} {[%emt
00:00:29]} 39. g4 {[%clk 00:46:25]} {[%emt 00:00:16]} fxg4 {[%emt 00:00:20]}
40. Kxg4 {[%clk 00:46:34]} {[%emt 00:00:05]} Ke5 {[%clk 00:50:31]} {[%emt
00:00:20]} 41. a3 {[%clk 00:46:32]} {[%emt 00:00:18]} a5 {[%clk 00:50:08]}
{[%emt 00:00:50]} 1/2-1/2